[Event "North American Blitz op 30th"]
[Site "ICC INT"]
[Date "2020.12.31"]
[Round "6"]
[White "Esaulova, Marfa"]
[Black "Gutla, Aryan"]
[Result "1/2-1/2"]
[WhiteElo "1818"]
[BlackElo "1910"]
[PlyCount "96"]
[EventDate "2020.12.31"]
[EventType "swiss (blitz)"]
[EventRounds "11"]
[EventCountry "USA"]
[SourceTitle "CBM 200 Extra"]
[Source "ChessBase"]
[SourceDate "2021.03.31"]
[SourceVersion "1"]
[SourceVersionDate "2021.03.31"]
[SourceQuality "1"]

1. c4 Nf6 2. Nf3 g6 3. g3 Bg7 4. Bg2 0-0 5. 0-0 d6 6. Nc3 Nc6 7. d4 a6 8. e4 Bg4 9. h3 Bxf3 10. Bxf3 e5 11. d5 Nd4 12. Bg2 c5 13. dxc6 bxc6 14. Be3 Nd7 15. Qd2 Nc5 16. f4 a5 17. Bxd4 exd4 18. Ne2 Qb6 19. Rab1 d3 20. Kh1 dxe2 21. Qxe2 Rfe8 22. Qd2 Nxe4 23. Bxe4 Rxe4 24. Qxd6 Rd8 25. c5 Rxd6 26. cxb6 Rb4 27. Rfe1 Rd8 28. b3 Rxb6 29. Re7 a4 30. Ra7 axb3 31. axb3 Rc8 32. Re1 Bf6 33. Rd1 Rxb3 34. Rdd7 Rf8 35. Rd6 Bg7 36. Rxc6 Rxg3 37. Kh2 Rf3 38. Rc4 Rxf4 39. Rxf4 Be5 40. Kg3 g5 41. Kg4 Bxf4 42. h4 f5+ 43. Kh5 g4 44. Rg7+ Kh8 45. Rxh7+ Kg8 46. Rg7+ Kh8 47. Rh7+ Kg8 48. Rg7+ Kxg7 1/2-1/2

[Event "Moscow-ch (Women)"]
[Site "Moscow"]
[Date "2017.04.02"]
[Round "2"]
[White "Afanasieva, Alexandra"]
[Black "Esaulova, Marfa"]
[Result "1-0"]
[WhiteElo "1950"]
[BlackElo "1826"]
[PlyCount "63"]
[EventDate "2017.04.01"]
[EventType "swiss"]
[EventRounds "9"]
[EventCountry "RUS"]
[SourceTitle "CBM 177 Extra"]
[Source "ChessBase"]
[SourceDate "2017.04.27"]
[SourceVersion "1"]
[SourceVersionDate "2017.04.27"]
[SourceQuality "1"]

1. e4 c5 2. Nf3 Nc6 3. Bb5 e6 4. 0-0 Nge7 5. Re1 a6 6. Bf1 d5 7. exd5 Nxd5 8. d4 cxd4 9. Nxd4 Bd7 10. c4 Ndb4 11. Be3 e5 12. Nxc6 Bxc6 13. Bd4 f6 14. a3 Nc2 15. Qxc2 Qxd4 16. Nc3 Be7 17. Rad1 Qg4 18. Nd5 Bxd5 19. Rxd5 0-0 20. Bd3 g6 21. h3 Qh4 22. Rd7 Bc5 23. Rxb7 Ra7 24. Rxa7 Bxa7 25. c5 a5 26. Re4 Qh5 27. b4 axb4 28. axb4 Rd8 29. b5 Rc8 30. Qa2+ Kh8 31. Qxa7 Qd1+ 32. Bf1 1-0

[Event "Moscow-ch (Women)"]
[Site "Moscow"]
[Date "2017.04.01"]
[Round "1"]
[White "Esaulova, Marfa"]
[Black "Kharmunova, Nadezhda"]
[Result "0-1"]
[WhiteElo "1826"]
[BlackElo "2156"]
[PlyCount "124"]
[EventDate "2017.04.01"]
[EventType "swiss"]
[EventRounds "9"]
[EventCountry "RUS"]
[SourceTitle "CBM 177 Extra"]
[Source "ChessBase"]
[SourceDate "2017.04.27"]
[SourceVersion "1"]
[SourceVersionDate "2017.04.27"]
[SourceQuality "1"]

1. c4 f5 2. d4 Nf6 3. Nc3 g6 4. Nf3 Bg7 5. g3 0-0 6. Bg2 d6 7. 0-0 c6 8. Re1 Ne4 9. Qd3 d5 10. cxd5 cxd5 11. Qb5 e6 12. Bf4 Nc6 13. e3 g5 14. Nxe4 gxf4 15. Nc5 fxe3 16. fxe3 Qe7 17. Rac1 Kh8 18. a4 e5 19. dxe5 Nxe5 20. Nxe5 Qxe5 21. Nd3 Qd6 22. Qxd5 Qb6 23. a5 Qf6 24. Qb5 Rb8 25. Rc7 Qd6 26. Qc4 Be6 27. Qc2 Bb3 28. Qxb3 Qxc7 29. Qb5 Qc2 30. Ne5 Qd2 31. Re2 Qd1+ 32. Kf2 a6 33. Qd3 Qa4 34. Qd5 Qe8 35. Nc4 Qe7 36. Qd6 Qf7 37. Qd5 Qh5 38. Ne5 Rbd8 39. Qf3 Qxh2 40. Nc4 Rd1 41. Re1 Rxe1 42. Kxe1 Qg1+ 43. Qf1 Qxf1+ 44. Kxf1 Rc8 45. b3 Rc7 46. Bh3 Rc5 47. Ke2 Rb5 48. Nd6 Rxb3 49. Nxf5 Bc3 50. e4 Bxa5 51. Nd4 Rxg3 52. Bc8 Rg7 53. Nf5 Rc7 54. Be6 Bc3 55. Ne3 b5 56. Nd5 Rc5 57. Kd3 b4 58. Ne3 a5 59. Bb3 h5 60. Ng2 Rg5 61. Nh4 Rg3+ 62. Kc4 Rg4 0-1